MESTSKÁ KNIŽNICA GIRALTOVCE  - online katalóg 

Anglický slovník II. Anglicko-slovenský (Record no. 15037)

000 -NÁVESTIE
fixed length control field 00305nam a2200121 a 4500
008 - ÚDAJE S PEVNOU DĹŽKOU – VŠEOBECNÉ INFORMÁCIE
fixed length control field 101209s1999|||| d
020 ## - MEDZINÁRODNÉ ŠTANDARDNÉ ČÍSLO KNIHY (ISBN)
Údaje o dostupnosti 199
041 ## - KÓD JAZYKA
Kód jazyka textu/zvukovej stopy alebo samostatných nápisov eng
044 ## - KÓD KRAJINY VYDAVATEĽA/PRODUCENTA
Kód krajiny MARC xo
Kód krajiny ISO SK
100 1# - OSOBNÉ MENÁ – VŠEOBECNÉ INFORMÁCIE
Osobné meno Caforio, Aliberto
245 10 - NÁZOV
Názov Anglický slovník II. Anglicko-slovenský
260 ## - VYDAVATEĽSKÉ ÚDAJE, DISTRIBÚCIA ATĎ.
Názov vydavateľa, distibútora atď. Logos
Miesto publikovania, distribúcie atď. Bratislava
Dátum publikovania, distribúcie atď. 1999
Holdings
Stav stiahnutia (Blokovanie) (Withrawn status) Stav straty Stav poškodenia (Damaged status) Nie pre výpožičky (Not for loan) Spôsob nadobudnutia (Collection code) Trvalé umiestnenie Aktuálne umiestnenie Dátum nadobudnutia Náklady, bežná kúpna cena Inventárne číslo (prírastkové číslo) Full call number Dátum posledného výskytu Cena s účinnosťou od Typ jednotky Koha
        Kúpa Mestská knižnica Giraltovce Mestská knižnica Giraltovce 2019-11-29 199.00 14074 I 0145 2019-11-29 2019-11-29 Odborná literatúra pre dospelých

Powered by Koha